Gminy powiatu Lubaczowski - Statystyki

Ogólne statystyki
  • Ten quiz został rozwiązany 76 razy
  • Średni wynik to 6 z 7
Statystyki odpowiedzi
Hint Odpowiedź % Poprawnych
Gmina Lubaczów
98%
Gmina Narol
88%
Gmina Oleszyce
88%
Gmina Cieszanów
85%
Gmina Horyniec Zdrój
73%
Gmina Stary Dzików
73%
Gmina Wielkie Oczy
73%
Nie znaleziono quizów pasujących do podanych kryteriów
Rozkład punktacji
Procent ludzi z każdym wynikiem
Percentyl według liczby udzielonych odpowiedzi
Twoja historia wyników
Nie rozwiązałeś tego quizu